Iowa High School Team Names - Statistics

General Stats
  • This quiz has been taken 692 times
  • The average score is 175 of 330
Answer Stats
School Answer % Correct
Ankeny | Central Lee | Hartley-Melvin-Sanborn | +6 others Hawks
88%
ADM | Carroll | Cedar Falls | +13 others Tigers
86%
Clayton Ridge | Eagle Grove | East Union | +7 others Eagles
84%
Central Lyon/George-Little Rock | Clear Lake | Des Moines Christian | +3 others Lions
84%
Algona | Bedford | Bettendorf | +10 others Bulldogs
78%
Alta-Aurelia | Calamus-Wheatland | Cedar Rapids Washington | +13 others Warriors
75%
Clarke Community | Clarksville | Forest City | +6 others Indians
73%
Central Springs | Creston | Kingsley-Pierson | +7 others Panthers
73%
BGM | Danville | English Valleys | West Branch Bears
69%
Davenport Assumption | Fremont-Mills | Kuemper Catholic | +4 others Knights
69%
Collins-Maxwell | Exira-EHK | Grundy Center | +3 others Spartans
68%
Carlisle | Central City | Columbus | +10 others Wildcats
68%
Central Decatur | Clarinda | Earlham | +4 others Cardinals
65%
Dallas Center-Grimes | Davis County | Dubuque Hempstead | +7 others Mustangs
64%
Aplington-Parkersburg | Davenport West | Louisa-Muscatine | +5 others Falcons
63%
Ankeny Centennial | Southeast Valley Jaguars
63%
Atlantic | Fairfield | Iowa City West | +6 others Trojans
63%
Harris-Lake Park | IKM-Manning | Marion | +2 others Wolves
61%
AGWSR | CAM | Cascade | +3 others Cougars
60%
Denver | Harlan Community Cyclones
59%
Dubuque Senior | Glenwood | Greene County | +2 others Rams
58%
Melcher-Dallas | Mormon Trail | Saint Ansgar | Xavier Saints
55%
AHSTW | Decorah | Edgewood-Colesburg | +3 others Vikings
54%
Bondurant-Farrar | Perry Bluejays
51%
Benton | Marshalltown | Western Dubuque Bobcats
51%
Des Moines Hoover | Highland | Nashua-Plainfield | +2 others Huskies
50%
Dunkerton | East Sac County | Mount Ayr | Williamsburg Raiders
50%
Alburnett | Hudson | Postville Pirates
49%
Johnston Dragons
47%
West Harrison/Whiting Hawkeyes
45%
Iowa City Liberty Lightning
45%
Ames High Little Cyclones
45%
Dowling Catholic Maroons
45%
Pella Dutch
44%
BCLUW | Bellevue | Cardinal | +3 others Comets
42%
Iowa City High Little Hawks
41%
Davenport Central | Martensdale-St. Marys | West Central Blue Devils
40%
Belmond-Klemme Broncos
40%
Fort Dodge Dodgers
40%
Cedar Rapids Jefferson | Jesup | Urbandale J-Hawks
40%
Camanche Storm
40%
Council Bluffs Lincoln | North Linn | Webster City Lynx
39%
Estherville Central Lincoln Midgets
39%
Ballard Bombers
38%
ACGC | Chariton Chargers
37%
Clarion-Goldfield-Dows | Sidney Cowboys
37%
Ar-We-Va | Eddyville-Blakesburg-Fremont Rockets
37%
Sioux City North | Starmont Stars
36%
GTRA | Lewis Central | South Central Calhoun Titans
36%
Dike-New Hartford | East Mills | GMG | +4 others Wolverines
36%
Keokuk Chiefs
35%
Storm Lake Tornadoes
35%
Bishop Heelan | Coon Rapids-Bayard Crusaders
34%
Nevada Cubs
33%
Des Moines Roosevelt Roughriders
33%
Clinton River Kings
32%
Des Moines North Polar Bears
32%
Grand View Christian Thunder
32%
Cherokee Washington | Montezuma Braves
31%
East Buchanan Buccaneers
31%
Okoboji Pioneers
29%
Des Moines Lincoln Railsplitters
28%
Interstate 35 Roadrunners
28%
Council Bluffs Jefferson Yellow Jackets
27%
Wahlert Catholic Golden Eagles
26%
Muscatine Muskies
26%
Colo-Nesco | MMCRU Royals
26%
Gladbrook-Reinbeck | Northeast | Sioux Central | Westwood Rebels
25%
Baxter Bolts
24%
Clear Creek Amana Clippers
24%
Waverly-Shell Rock Go Hawks
24%
North Scott Lancers
24%
Boone Toreadors
24%
Wilton Beavers
23%
Western Christian Wolfpack
23%
North Iowa Bison
22%
Crestwood | Iowa Falls-Alden Cadets
22%
Lamoni | Washington Demons
22%
Don Bosco Dons
22%
Moravia Mohawks
22%
Mason City Riverhawks
22%
Easton Valley River Hawks
22%
Columbus Catholic Sailors
22%
Sheldon Orabs
21%
Ridge View Raptors
21%
North Mahaska | Southeast Warren | West Fork Warhawks
21%
MOC-Floyd Valley Dutchmen
20%
Emmetsburg E-Hawks
20%
Bishop Garrigan Golden Bears
20%
Osage Green Devils
20%
Denison-Schleswig Monarchs
20%
Roland-Story Norsemen
20%
Springville Orioles
20%
Hinton Blackhawks
19%
Regina Catholic Regals
19%
Central Dewitt | Twin Cedars Sabers
19%
Des Moines East Scarlets
19%
North Fayette Valley TigerHawks
19%
Colfax-Mingo Tigerhawks
19%
Gehlan Catholic Jays
18%
Audubon Wheelers
18%
North Butler Bearcats
17%
Centerville | Missouri Valley Big Reds
17%
St. Edmond Gaels
17%
North Tama Redhawks
17%
Southwest Valley Timberwolves
17%
Sioux City East Black Raiders
16%
Albia Blue Demons
16%
Mid-Prairie Golden Hawks
16%
Center Point-Urbana Stormin Pointers
16%
Beckman Catholic Trailblazers
16%
Waterloo West Wahawks
16%
Sigourney Keota Cobras
15%
Sibley-Ocheyedan Generals
15%
Burlington Greyhounds
15%
Anamosa Blue Raiders
13%
Belle Plaine Plainsmen
13%
New Hampton Chickasaw
12%
Kee Kee Hawks
11%
Akron-Westfield Westerners
11%
Fort Madison Bloodhounds
9%
Waterloo Christian Regents
7%
Boyden Hull/Rock Valley Nighthawks
6%
No matching quizzes found
Score Distribution
Percent of People with Each Score
Percentile by Number Answered
Your Score History
You have not taken this quiz